000 00399nam a2200145Ia 4500
008 100122s9999 xx 000 0 und d
082 _b23497
_a49
100 _aटिळक ज श्री
245 _aअशी ही दिल्ली
260 _c1966
300 _a50
630 _aअशी ही दिल्ली
730 _aअशी ही दिल्ली
942 _cBOOK
999 _c411096
_d411093